| 000 | 00485nam a2200169 a 4500 | ||
|---|---|---|---|
| 005 | 20260110063924.0 | ||
| 008 | 081109s1949 mx r 000 0 spa d | ||
| 035 | _aUPN01000183236 | ||
| 049 | _aUNE | ||
| 080 | _a37.018.8 EDU No.1 | ||
| 245 | 0 | 0 |
_aEducación fundamental : _bdescripción y programa |
| 260 |
_aParis : _bUNESCO, _c1949. |
||
| 300 |
_a93 p. ; _bil. |
||
| 440 | 0 |
_aMonografia sobre educación fundamental ; _v1. |
|
| 690 |
_aEducación básica _97340 |
||
| 905 | _aUNESCO | ||
| 999 |
_c155339 _d155339 |
||